| 000 | 00823nam a22002177a 4500 | ||
|---|---|---|---|
| 999 |
_c18414 _d18414 |
||
| 003 | AR-CdUCM | ||
| 008 | 190513b ||||| |||| 00| 0 spa d | ||
| 040 |
_aMUNICIPALIDAD PROVINCIAL DEL CUSCO _cBIBLIOTECA MUNICIPAL DEL CUSCO |
||
| 082 |
_a869.56 / _bC31 |
||
| 100 |
_aCarrera Vergara, Eudocio _938839 |
||
| 245 | _aLa Lima criolla de 1900 / | ||
| 260 |
_aLima : _c1954. |
||
| 300 |
_a362 páginas ; _c22 cm. |
||
| 505 | _aContenido: Una anécdota como para mi tema -- Cuatro palabras a sombrero quitado -- A manera de prólogo -- La santísima trinidad y Don Ricardo Palma... | ||
| 650 |
_aNovelas peruanas _9545 |
||
| 650 |
_aNovelas de costumbres _9168 |
||
| 650 |
_aVida y costumbres sociales _9857 |
||
| 700 |
_aMiro Quesada Sosa, Aurelio (prólogo) _917687 |
||
| 942 |
_2ddc _cLIBROS |
||
| 945 |
_adavv _d2019-05-13 |
||